Statistics for Lyrics from Princes and the Frog song Dig a Little Deeper

Click here to take the quiz!

General Stats

  • This quiz has been taken 10 times
  • The average score is 215 of 320

Answer Stats

Answer% Correct
A
100%
a
100%
you
100%
you.
100%
You
100%
and
88%
And
88%
dig.
88%
Dig
88%
dig
88%
do.
88%
don't
88%
Don't
88%
have
88%
I
88%
like.
88%
like
88%
No!
88%
no
88%
on
88%
to
88%
we
88%
what
88%
who
88%
Your
88%
your
88%
All
75%
all
75%
are.
75%
are
75%
be
75%
deep
75%
deeper
75%
deeper.
75%
dog,
75%
Find
75%
find
75%
Froggy,
75%
Froggy
75%
go.
75%
got
75%
hard
75%
he
75%
in
75%
little
75%
look
75%
man,
75%
matter
75%
Miss
75%
need
75%
need.
75%
so.
75%
the
75%
then?
75%
wear.
75%
where
75%
word?
75%
again.
63%
ain't
63%
cow,
63%
even
63%
from.
63%
heart.
63%
How
63%
It
63%
it
63%
make
63%
me
63%
money
63%
Money
63%
one,
63%
out
63%
pig,
63%
rich
63%
soul
63%
That
63%
that
63%
they
63%
told
63%
wanna
63%
When
63%
Blue
50%
boy,
50%
care.
50%
come
50%
daddy
50%
daddy's
50%
daughter,
50%
did
50%
family
50%
far.
50%
far
50%
had
50%
happy
50%
heard.
50%
here.
50%
him
50%
is
50%
loving
50%
many
50%
might
50%
now,
50%
really
50%
skies
50%
sunshine.
50%
sunshine
50%
Tell
50%
tell
50%
telling
50%
that's
50%
through.
50%
through
50%
wanted,
50%
wanted
50%
was
50%
You'll
50%
you'll
50%
em
38%
goat
38%
gonna
38%
knew
38%
Mama
38%
needed
38%
new
38%
people
38%
Prince
38%
rings
38%
brand
25%
dug
25%
enough.
25%
finger
25%
For
25%
it's
25%
just
25%
near
25%
tough.
25%
You's
25%
guarenteed.
13%
know.
13%
Let
13%
of
13%
self-control
13%
some
13%
start.
13%
yourself.
13%
yourself
13%
Blud
0%
Can't
0%
children.
0%
down
0%
grant
0%
inside
0%
light
0%
love
0%
maybe
0%
mind.
0%
Open
0%
peace
0%
up
0%
will
0%
windows.
0%

Score Distribution

Percentile by Number Answered

Percent of People with Each Score

Your Score History

You have not taken this quiz